Most popular boy names Norway - Statistics

General Stats
  • This quiz has been taken 382 times
  • The average score is 36 of 99
Answer Stats
Rank Boy Names % Correct
30 Erik
69%
64 Ola
67%
57 Ole
65%
70 Johan
64%
16 Andreas
63%
15 Martin
62%
65 Thomas
61%
20 Alexander
60%
11 Daniel
59%
4 William
59%
24 Kristian
56%
3 Magnus
56%
12 Henrik
55%
5 Jonas
55%
53 Lars
55%
80 Christian
54%
36 Markus
52%
6 Oliver
52%
27 Fredrik
51%
29 Johannes
51%
43 David
49%
37 Hakon
49%
55 Kristoffer
49%
2 Mathias
49%
97 Petter
49%
1 Emil
48%
7 Noah
48%
34 Lukas
47%
23 Jakob
46%
32 Marius
46%
17 Benjamin
45%
48 Olav
45%
38 Eirik
44%
13 Sebastian
43%
96 Jens
42%
59 Leo
42%
19 Sander
42%
10 Elias
40%
14 Lucas
40%
47 Marcus
40%
22 Isak
39%
74 Jacob
39%
9 Tobias
39%
44 Oskar
38%
77 Simon
38%
39 Theo
38%
21 Liam
36%
18 Leon
35%
82 Mats
35%
40 Oscar
35%
33 Filip
34%
46 Kasper
34%
66 Simen
34%
28 Sondre
34%
92 Jorgen
33%
49 Even
32%
8 Adrian
31%
61 Aleksander
31%
31 Jonathan
30%
42 Mikkel
30%
51 Nikolai
30%
83 Philip
30%
91 Viktor
30%
67 Adam
29%
75 Sverre
29%
41 Theodor
29%
93 Victor
29%
25 Aksel
28%
60 Kevin
28%
63 Max
26%
88 Casper
25%
50 Herman
25%
26 Julian
25%
78 Edvard
24%
81 Felix
24%
45 Gabriel
24%
86 Samuel
24%
76 Dennis
23%
87 Jesper
23%
84 Sindre
23%
95 Eivind
22%
71 Odin
22%
72 Ulrik
22%
68 Brage
20%
35 Sigurd
20%
73 Iver
19%
62 Ludvig
19%
69 Trym
18%
54 Linus
17%
90 Eskil
16%
89 Nicolai
16%
52 Matheo
15%
98 Mohammad
15%
79 Vetle
15%
94 August
14%
56 Leander
14%
85 Storm
13%
99 Birk
12%
58 Aron
11%
No matching quizzes found
Score Distribution
Percent of People with Each Score
Percentile by Number Answered
Your Score History
You have not taken this quiz